| 000 | 00671nam0a22002411 4500 | ||
|---|---|---|---|
| 001 | rc\4833458 | ||
| 005 | 20250612192535.0 | ||
| 021 |
_aRU _b[64-49999] |
||
| 035 | _a(NLR Aleph) 008806336 | ||
| 090 |
_a8133909 _c8133909 |
||
| 100 | _a20130426d1964 |||y0rusy50 ca | ||
| 101 | 0 | _arus | |
| 102 | _aRU | ||
| 105 | _ay z ||||| | ||
| 200 | 1 |
_aРассветы рождаются ночью _e[Лирика] |
|
| 210 |
_aКиïв _cДнiпро _d1964 |
||
| 215 |
_a129 с. _d13 |
||
| 700 | 1 |
_aТемин _bЛ.С. _f1933-1983 _gЛеонид Самойлович |
|
| 801 | 0 |
_aRU _bNLR _gpsbo |
|
| 801 | 1 |
_aRU _bELAR _2rusmarc |
|
| 852 |
_aNLR _j64-1/732 |
||
| 942 | _cBOOK | ||
| 980 | _aNB | ||